Lyrics to Cherry by Harry Styles - Statistics

General Stats
  • This quiz has been taken 975 times
  • The average score is 136 of 162
Answer Stats
Lyric % Correct
I,
99%
I
99%
me
98%
you
98%
a
97%
"baby"
97%
call
97%
Don't
97%
him
97%
to
97%
la
96%
lately
96%
talk
96%
used
96%
not
95%
talking
95%
We're
95%
what
95%
Take
92%
take
92%
that
92%
your
92%
it
91%
he
90%
in
90%
Does
89%
parents'
89%
still
89%
and
88%
friends
88%
know
88%
them?
88%
just
87%
miss
87%
as
86%
dress
86%
his
86%
how
86%
of
86%
accent
85%
confess
85%
I'm
85%
piece
85%
compliment
84%
There's
84%
can
83%
walking
83%
at
82%
best
82%
selfish
82%
hating
81%
'round
81%
so
81%
tell
79%
notice
78%
are
75%
Did
73%
Coucou!
61%
Oh,
50%
Tu
43%
dors?
40%
galleries
35%
non
35%
desolee
34%
j'suis
32%
plage,
30%
pas
29%
Bah
28%
c'est
27%
et
23%
Nan,
22%
Parfait,
22%
On
19%
on
19%
maintenant
18%
ok!
7%
etait
6%
jouait,
1%
l'moment
1%
passe,
1%
No matching quizzes found
Score Distribution
Percent of People with Each Score
Percentile by Number Answered
Your Score History
You have not taken this quiz